Statistics for Everything on the Keyboard

Click here to take the quiz!

General Stats

  • This quiz has been taken 21 times
    (13 since last reset)
  • The average score is 15 of 49

Answer Stats

HintAnswer% Correct
Speaking of 0, what is vertically stretched O?0
100%
What is 1+1?2
100%
It's the first number1
80%
What is the answer that you got in 1+1, -1?3
80%
What number has two ways you can write it? (Hint: not 7)4
80%
What is half of 10?5
80%
What is upside down 9?6
80%
What number also has two ways to write it?7
80%
What happens if you put 0 on top of 0?8
80%
What is upside down 6?9
80%
What is all the 26 letters? (Put the letters in order, not qwertyuiop etc.)ABCDEFGHIJKLMNOPQRSTUVWXYZ
60%
What is a shorter word for alternative?Alt
60%
What is a shorter version for Captions Lock?Caps Lock
60%
What is a shorter version for escape?Esc
60%
What key sound like the word swift?Shift
60%
What is the digital eraser?Backspace
40%
Type [ in wordsBrackets
40%
Type a ,Comma
40%
What do you use for a question_Question Mark
40%
Type { in wordsBraces
20%
Type the eyes of a emoticon smilyfaceColon
20%
FOR MAC USERS: What happens if you erase block from command block in Minecraft? Basically, what word do you get?Command
20%
What rhymes with uhh... nashDash
20%
Now ____ Jetpunk's logoDelete
20%
What key always comes in everything?Enter
20%
Horrizantally, type 2 linesEquals
20%
What is a shorter version for number lock?Num lock
20%
Type 2 apostrophesQuote
20%
Type the tear eyes of a emoticon smilyfaceSemi-colon
20%
What key is named after what is on top of your desktop or laptop?Tab
20%
Say the under dash in wordsUnderscore
20%
Type < in wordsAngled brackets
0%
Type arrows left, right, top, bottomArrow left, arrow right, arrow up, arrow down
0%
Shortcut to go to the ___ of the pageEnd
0%
Type the symbols that you find when you shift any numberExclamation point
0%
Type the F_F1 F2 F3 F4 F5 F6 F7 F8 F9 F10 F11 F12
0%
Type this: ` in wordsGrave
0%
Type a shortcut to go to GoogleHome
0%
____ me a picture of Jetpunks's logoInsert
0%
What is non-slanted slash like?Line
0%
Abbreviation: PU and PD, what do you think these are in real words?Page up page down
0%
Type ( in wordsParantheses
0%
____ for a minute, take a ____ and think what is this wordPause aka break
0%
It's the end of the quiz, what mark do you put in the end of a statement?Period
0%
Say the math symbolsPlus and minus
0%
SysRq also known as...Print Screen
0%
What button looks like it's gonna lock your mouse all day?Scroll lock
0%
What does a slanted line look like?Slash
0%
Type ~ in wordsSwung dash
0%

Score Distribution

Percentile by Number Answered

Percent of People with Each Score

Your Score History

You have not taken this quiz since the last reset